000 00888nam a22002655a 4500
008 150901s2014 ii ak frb 001 0 eng d
020 _a9789350145142
040 _aEG-ScBUE
_beng
_cEG-ScBUE
_dEG-ScBUE
082 0 4 _a624.25
_bPAN
_222
100 1 _aPant, M. K.
_938894
245 1 0 _aElements of bridge engineering :
_b(in S. I. units) /
_cM. K. Pant.
246 3 4 _aElements of bridge engineering
250 _a1st ed.
260 _aNew Delhi :
_bS. K. Kataria & sons,
_c2014.
300 _a267 p. :
_bforms, tables ;
_c24 cm.
490 0 _aKatson books
500 _aIndex : p. 266-267.
504 _aBibliography : p. 265.
650 0 _aBridges
_xMaintenance and repair.
_2BUEsh
_93316
650 0 _aCivil engineering.
_2BUEsh
651 _2BUEsh
653 _bENGGEN
_bENGCIV
_cSeptember2015
_cDecember2015
650 7 _92081
_aBridges
_xDesign and construction
_2BUEsh
942 _2ddc
999 _c20797
_d20769